00868nab a2200217uuc450000100070000000500170000700800410002403500110006503500210007604000130009704100080011010000380011824501480015665000510030465000490035570000500040470000420045477301250049694200100062199900190063199485420240201204309.0060926e20051201 spa  a994854 a(OCoLC)820363408 ccomduadb aspa10aZemerno, Ana I.4auteaut942989910aRedes semanticas naturales : tecnica para representar los significados que los jovenes tienen sobre television, internet y expectativas de vida aJuventud e innovaciones tecnológicas9103391 aMedios de comunicación y jóvenes912997310aArellano Ceballos, Aidee C.4auteaut954978310aRamirez, Vanessa A.4auteaut95545220 tEstudios sobre las Culturas Contemporáneas (Colima)gVol. 11, No. 22, Dic. 2005, p. 305-334w527570x1405-22100127915 cARIMP c398890d398890